Cargos de la Iglesia - Estadísticas

Estadísticas generales
  • Esta prueba ha sido intentada 107 veces
  • La puntuación promedio es 4 de 16
Estadísticas de respuestas
Hint Respuesta % Correcto
2 Papa
99%
5 Cardenal
82%
8 Arzobispo
71%
12 Cura
68%
14 Diácono
42%
1 Cristo
16%
15 Seminarista
11%
9 Obispo diocesano
7%
3 Patriarca
7%
7 Obispo metropolitano
6%
6 Primado
6%
4 Arzobispo mayor
4%
11 Decanato
4%
10 Vicarios generales
4%
16 Clero secular
2%
13 Sacerdote asistente
2%
No se encontraron pruebas coincidentes
Distribución de puntuación
Porcentaje de gente con cada puntuación
Porcentaje por número respondido
Historial de tus puntuaciones
No has intentado esta prueba.